| 000 | 00855nam a2200277 a 4500 | ||
|---|---|---|---|
| 001 | 014521383 | ||
| 003 | OSt | ||
| 005 | 20140129140017.0 | ||
| 008 | 071231t2008 xxua frb 001 0 eng d | ||
| 010 | _a2007282607 | ||
| 020 | _a9781596931862 | ||
| 020 | _a1596931868 | ||
| 040 |
_aDLC _beng _cDLC _dUk |
||
| 082 | 0 | 4 |
_a005.14 _222 _bHAN |
| 245 | 0 | 0 |
_aHandbook of software quality assurance / _ceditor G. Gordon Schulmeyer. |
| 250 | _a4th ed. | ||
| 260 |
_aBoston, United States ; _aLondon : _bArtech House, _cc.2008. |
||
| 300 |
_axx, 464 p. : _bill. ; _c27 cm. |
||
| 500 | _aIndex : p. 457-464. | ||
| 504 | _aIncludes bibliographical references. | ||
| 650 | 0 |
_aComputer software _xQuality control _94818 |
|
| 653 |
_bCS _cJanuary2014 |
||
| 655 |
_vreading book _934232 |
||
| 700 | 1 |
_aSchulmeyer, G. Gordon _934978 _eeditor. |
|
| 942 |
_2ddc _k005.14 HAN |
||
| 999 |
_c17988 _d17960 |
||